Normas para Atestiguar (serie 7000)

Bibliographic Details
Corporate Author: Instituto Mexicano de Contadores Pb︢licos
Format: Book
Language:Spanish
Published: Mx̌ico Instituto Mexicano de Contadores Pb︢licos 2016
Subjects:
Online Access:Acceso restringido

MARC

LEADER 00000nam a22000007a 4500
005 20160503124336.0
007 cr|||| ||
008 160503s2016 sp ||||| |||| 00||0 spa d
035 |a 14176 
040 |a vLex 
090 |c 6037  |d 6037 
245 1 0 |a Normas para Atestiguar (serie 7000)  |h [Recurso electrn̤ico] /  |c Instituto Mexicano de Contadores Pb︢licos 
256 |a Servicio en ln̕ea  
260 |a Mx̌ico   |b Instituto Mexicano de Contadores Pb︢licos  |c 2016 
300 |a 1 recurso electrn̤ico  
506 1 |a Contenido solo disponible en los productos indicados  |d vLex Global  |d vLex Global (Academic Edition, excluding Law Schools)  |d vLex Global (U.S. Academic Edition, Law Schools)  |d vLex Global (U.S. Academic Edition, excluding Law Schools)  |d vLex Global (Academic Edition, Law Schools) 
650 0 4 |a Derecho  |z Mx̌ico  
710 0 |a Instituto Mexicano de Contadores Pb︢licos 
740 0 |a vLex libros (servicio en ln̕ea)  
856 4 0 |u http://vlex.com/source/normas-atestiguar-serie-7000-14176  |z Acceso restringido  
942 |c BOOK 
999 0 |a Law  |b Mx̌ico